[Event "HUN-chT2 Szechenyi 1415"]
[Site "Hungary"]
[Date "2015.01.25"]
[Round "7.10"]
[White "Egresi, Kristof"]
[Black "Varga, Tibor"]
[Result "0-1"]
[WhiteElo "1873"]
[BlackElo "2049"]
[PlyCount "40"]
[EventDate "2014.09.07"]
[EventType "team-tourn"]
[EventRounds "11"]
[EventCountry "HUN"]
[SourceTitle "EXT 2016"]
[Source "ChessBase"]
[SourceDate "2015.10.08"]
[SourceVersion "1"]
[SourceVersionDate "2015.10.08"]
[SourceQuality "1"]
[WhiteTeam "Lovo"]
[BlackTeam "HVSE Infraplan"]
[WhiteTeamCountry "HUN"]
[BlackTeamCountry "HUN"]

1. d4 Nf6 2. Nf3 d5 3. c4 c6 4. e3 Bf5 5. Nc3 e6 6. Be2 Nbd7 7. 0-0 Bd6 8. b3 Rc8 9. Bb2 h5 10. Rc1 Ne4 11. h3 g5 12. Nd2 Nxc3 13. Rxc3 g4 14. e4 dxe4 15. hxg4 hxg4 16. Bxg4 Qg5 17. Bxf5 exf5 18. Bc1 Bh2+ 19. Kh1 Bg3+ 20. Kg1 Rh1+ 0-1

[Event "HUN-chT2 Szechenyi 1213"]
[Site "Hungary"]
[Date "2013.03.24"]
[Round "9.12"]
[White "Egresi, Kristof"]
[Black "Hegedus, Botond"]
[Result "0-1"]
[WhiteElo "1703"]
[BlackElo "1494"]
[PlyCount "38"]
[EventDate "2012.09.16"]
[EventType "team-tourn"]
[EventRounds "11"]
[EventCountry "HUN"]
[SourceTitle "EXT 2014"]
[Source "ChessBase"]
[SourceDate "2013.11.20"]
[SourceVersion "1"]
[SourceVersionDate "2013.11.20"]
[SourceQuality "1"]
[WhiteTeam "Sarvar"]
[BlackTeam "Keszthely"]
[WhiteTeamCountry "HUN"]
[BlackTeamCountry "HUN"]

1. d4 d5 2. c4 c6 3. Nf3 e6 4. Nc3 f5 5. e3 Nf6 6. Be2 Bd6 7. 0-0 0-0 8. b3 Bd7 9. Bb2 Be8 10. Rc1 Bh5 11. Qd2 Bxf3 12. Bxf3 Nbd7 13. cxd5 exd5 14. Qc2 Ne4 15. a3 Rf6 16. b4 Bxh2+ 17. Kh1 Rh6 18. Rfd1 Nxf2+ 19. Qxf2 Bg3+ 0-1

[Event "HUN-ch U16"]
[Site "Celldoemoelk"]
[Date "2011.06.29"]
[Round "3"]
[White "Egresi, Kristof"]
[Black "Pinczker, Oliver"]
[Result "1-0"]
[WhiteElo "1684"]
[BlackElo "1592"]
[PlyCount "120"]
[EventDate "2011.06.27"]
[EventType "swiss"]
[EventRounds "7"]
[EventCountry "HUN"]
[SourceTitle "EXT 2012"]
[Source "ChessBase"]
[SourceDate "2011.11.24"]
[SourceVersion "1"]
[SourceVersionDate "2011.11.24"]
[SourceQuality "1"]

1. d4 d5 2. c4 c6 3. e3 Nf6 4. Nf3 e6 5. Nc3 Bd6 6. Bd3 Nbd7 7. 0-0 0-0 8. Qc2 e5 9. cxd5 cxd5 10. dxe5 Nxe5 11. Nxe5 Bxe5 12. Qb3 d4 13. exd4 Qxd4 14. Rd1 Qg4 15. Be3 b6 16. Be2 Qe6 17. Bf3 Qxb3 18. axb3 Bg4 19. Bxa8 Bxd1 20. Nxd1 Rxa8 21. Bxb6 Rb8 22. Bxa7 Ra8 23. Ra4 Rd8 24. Ne3 Bxb2 25. Kf1 g6 26. b4 Ra8 27. b5 Be5 28. Ra6 Nd7 29. Nd5 Nb8 30. Bxb8 Rxb8 31. b6 Bd4 32. f3 Kf8 33. Ke2 Ke8 34. Kd3 Bg1 35. Kc4 Kd7 36. Kb5 Rb7 37. h3 Kd6 38. Nf6 h5 39. Ne4+ Kd5 40. Nc3+ Kd6 41. Na4 f5 42. Ra8 Rg7 43. Rc8 Kd5 44. Rc7 Rg8 45. b7 Bh2 46. Rc8 Rg7 47. b8Q Bxb8 48. Rxb8 Ke5 49. g3 Rd7 50. Re8+ Kf6 51. Nc5 Re7 52. Rxe7 Kxe7 53. f4 Kf6 54. h4 Kf7 55. Kc6 Ke7 56. Kd5 Kf7 57. Nd3 Kf6 58. Ne5 Kg7 59. Nxg6 Kxg6 60. Ke6 Kh6 1-0

[Event "HUN-ch U16"]
[Site "Celldoemoelk"]
[Date "2011.06.27"]
[Round "1"]
[White "Egresi, Kristof"]
[Black "Nemeth, Gergely"]
[Result "0-1"]
[WhiteElo "1684"]
[BlackElo "1953"]
[PlyCount "96"]
[EventDate "2011.06.27"]
[EventType "swiss"]
[EventRounds "7"]
[EventCountry "HUN"]
[SourceTitle "EXT 2012"]
[Source "ChessBase"]
[SourceDate "2011.11.24"]
[SourceVersion "1"]
[SourceVersionDate "2011.11.24"]
[SourceQuality "1"]

1. d4 e6 2. c4 f5 3. Nf3 Nf6 4. Nc3 d5 5. Bf4 c6 6. e3 Be7 7. Be2 0-0 8. 0-0 Ne4 9. Qc2 Nd7 10. Ne5 Ndf6 11. f3 Nd6 12. c5 Nf7 13. b4 Nd7 14. Nxd7 Bxd7 15. b5 Bf6 16. bxc6 Bxc6 17. Bb5 g5 18. Bg3 f4 19. Bf2 e5 20. Bxc6 bxc6 21. dxe5 fxe3 22. Bxe3 Bxe5 23. f4 gxf4 24. Bxf4 Qe7 25. Bxe5 Qxc5+ 26. Qf2 Qxf2+ 27. Rxf2 Nxe5 28. Rc2 Nc4 29. Re1 Rae8 30. Rce2 Rxe2 31. Rxe2 d4 32. Na4 d3 33. Re4 Nb6 34. Nxb6 axb6 35. Rd4 Ra8 36. Rxd3 Rxa2 37. Rd8+ Kf7 38. Rd7+ Ke6 39. Rxh7 Rc2 40. h4 b5 41. h5 Kf6 42. g4 Kg5 43. Rg7+ Kh6 44. Rg6+ Kh7 45. g5 b4 46. Rd6 b3 47. Rd7+ Kg8 48. Rd8+ Kf7 0-1

[Event "HUN-chT2 Szechenyi 1011"]
[Site "Hungary"]
[Date "2011.05.01"]
[Round "10.12"]
[White "Buzas, Bertalan"]
[Black "Egresi, Kristof"]
[Result "1/2-1/2"]
[WhiteElo "1560"]
[BlackElo "1666"]
[PlyCount "161"]
[EventDate "2010.09.12"]
[EventType "team-tourn"]
[EventRounds "11"]
[EventCountry "HUN"]
[SourceTitle "EXT 2012"]
[Source "ChessBase"]
[SourceDate "2011.11.24"]
[SourceVersion "1"]
[SourceVersionDate "2011.11.24"]
[SourceQuality "1"]
[WhiteTeam "Tapolca"]
[BlackTeam "Ajka Banyasz"]
[WhiteTeamCountry "HUN"]
[BlackTeamCountry "HUN"]

1. e4 c5 2. d4 cxd4 3. c3 dxc3 4. Nxc3 d6 5. Nf3 g6 6. Bc4 Bg7 7. 0-0 Nf6 8. e5 Ng4 9. exd6 0-0 10. dxe7 Qxe7 11. h3 Qb4 12. Qb3 Qxb3 13. Bxb3 Ne5 14. Nxe5 Bxe5 15. Bh6 Bg7 16. Bxg7 Kxg7 17. Rad1 Nc6 18. Rfe1 h5 19. a3 Bf5 20. Bd5 Rad8 21. Bxc6 bxc6 22. Rxd8 Rxd8 23. Rd1 Rxd1+ 24. Nxd1 Bd3 25. g3 Kf6 26. Kg2 Ke5 27. Kf3 Kd4 28. Ne3 Be4+ 29. Ke2 a6 30. Kd2 g5 31. Ke2 Bd5 32. Kd2 Be6 33. g4 hxg4 34. hxg4 Ke4 35. Ke2 Kf4 36. f3 Bd5 37. Nxd5+ cxd5 38. b4 Ke5 39. Kd3 Kd6 40. Kd4 Kc6 41. a4 Kd6 42. b5 a5 43. b6 Kc6 44. b7 Kxb7 45. Kxd5 Kb6 46. Kd6 Kb7 47. Kc5 Kc7 48. Kd5 Kb6 49. Kd6 Kb7 50. Ke5 Kc6 51. Kf5 Kc5 52. Kxg5 Kb4 53. Kf6 Kxa4 54. Kxf7 Kb4 55. g5 a4 56. g6 a3 57. g7 a2 58. g8Q a1Q 59. Qg4+ Kc5 60. f4 Qa2+ 61. Qe6 Qh2 62. Qe5+ Kc6 63. Qe6+ Kc7 64. f5 Qh7+ 65. Kf6 Qh8+ 66. Kg5 Qg7+ 67. Qg6 Qe5 68. Kh6 Qh2+ 69. Kg7 Qb2+ 70. f6 Kd6 71. Kh8 Ke6 72. Kg7 Qd4 73. Qf7+ Kf5 74. Qh5+ Ke6 75. Qh3+ Kd6 76. Qa3+ Ke6 77. Qa6+ Kf5 78. Qb5+ Ke6 79. Qe8+ Kf5 80. Qg6+ Ke6 81. Qf7+ 1/2-1/2

[Event "HUN-chT2 Szechenyi 0910"]
[Site "Hungary"]
[Date "2010.04.11"]
[Round "9.12"]
[White "Szukics, Adam"]
[Black "Egresi, Kristof"]
[Result "1/2-1/2"]
[WhiteElo "1548"]
[BlackElo "1618"]
[PlyCount "75"]
[EventDate "2009.11.08"]
[EventType "team-tourn"]
[EventRounds "11"]
[EventCountry "HUN"]
[SourceTitle "EXT 2011"]
[Source "ChessBase"]
[SourceDate "2010.11.26"]
[SourceVersion "1"]
[SourceVersionDate "2010.11.26"]
[SourceQuality "1"]
[WhiteTeam "HVSE Infraplan"]
[BlackTeam "Ajka Banyasz"]
[WhiteTeamCountry "HUN"]
[BlackTeamCountry "HUN"]

1. e4 c5 2. Nf3 d6 3. d4 cxd4 4. Nxd4 Nf6 5. Nc3 a6 6. Be2 e6 7. Be3 Be7 8. 0-0 0-0 9. Qd2 Qd7 10. Rad1 b5 11. a3 Bb7 12. f3 Nc6 13. Kh1 Rac8 14. Bd3 d5 15. exd5 Nxd5 16. Nxd5 Qxd5 17. Nxc6 Qxc6 18. Qf2 Bf6 19. c3 Rcd8 20. Qg3 Rd7 21. Be4 Qc8 22. Rxd7 Qxd7 23. Bxb7 Qxb7 24. Rd1 Rd8 25. Rxd8+ Bxd8 26. Bd4 f6 27. Qd6 Qd5 28. Qxa6 e5 29. Bg1 Be7 30. Qb6 f5 31. Qa5 Qb3 32. Qc7 Bf6 33. Qc8+ Kf7 34. Qxf5 Qxb2 35. Qd7+ Be7 36. Qd5+ Kf6 37. Qc6+ Kf7 38. Qd5+ 1/2-1/2

[Event "HUN-ch U14"]
[Site "Balatonlelle"]
[Date "2009.07.05"]
[Round "9"]
[White "Egresi, Kristof"]
[Black "Balint, Daniel"]
[Result "0-1"]
[WhiteElo "1700"]
[BlackElo "1782"]
[PlyCount "52"]
[EventDate "2009.06.27"]
[EventType "swiss"]
[EventRounds "9"]
[EventCountry "HUN"]
[SourceTitle "EXT 2011"]
[Source "ChessBase"]
[SourceDate "2010.11.26"]
[SourceVersion "1"]
[SourceVersionDate "2010.11.26"]
[SourceQuality "1"]

1. d4 d5 2. c4 e6 3. Nf3 Nf6 4. Nc3 Be7 5. Bg5 0-0 6. e3 c6 7. Bd3 Nbd7 8. c5 a5 9. 0-0 b6 10. cxb6 Qxb6 11. b3 c5 12. Na4 Qd8 13. dxc5 Bxc5 14. Nxc5 Nxc5 15. Rc1 Nxd3 16. Qxd3 Ba6 17. Qd4 Bxf1 18. Kxf1 Qe7 19. Nd2 Rfc8 20. Rxc8+ Rxc8 21. e4 Qb4 22. Qxb4 axb4 23. exd5 Nxd5 24. Nb1 Ra8 25. f3 Rxa2 26. h4 Ra1 0-1